000 00624nam a2200181Ia 4500
008 100920s9999 xx 000 0 und d
082 _b29774
_a410 थ 73
100 _aदेशपांडे ग.त्र्यं. /निजसुरे पु.गो.
245 _aअलंकार प्रदीप.
260 _bपायल प्रकाशन ,नागपूर.
_c1973
300 _a294
_bसाधी
365 _b11
520 _aभाषा.
630 _aअलंकार प्रदीप.
650 _aभाषा.
730 _aअलंकार प्रदीप.
942 _cBOOK
999 _c685339
_d685336